000 00450nam a2200145Ia 4500
008 090124s9999 xx 000 0 und d
082 _b201795
245 _a केवळ स्वराज्यासाठी
250 _a4
260 _bआपटे ह. ना.
_c1964
300 _a371
630 _a केवळ स्वराज्यासाठी
730 _a केवळ स्वराज्यासाठी
942 _cBOOK
999 _c183376
_d183376